Classement Biathlon (Hommes) 2025/2026 - Statistiques

Statistiques générales
  • Ce quiz a été pris 78 fois
  • Le résultat moyen est 12 sur 15
Statistiques - réponses
Pays Biathlète % Correct
1er France Eric Perrot
99%
5ème France Emilien Jacquelin
96%
11ème France Quentin Fillon Maillet
95%
4ème Suède Sebastian Samuelsson
93%
6ème Italie Tommaso Giacomel
92%
2ème Norvège Sturla Holm Laegreid
90%
3ème Norvège Johan-Olav Botn
88%
13ème USA Campbell Wright
84%
7ème Norvège Vetle Christiansen
82%
8ème Suède Martin Ponsiluoma
81%
14ème Italie Lukas Hofer
78%
9ème Allemagne Philip Nawrath
74%
10ème Norvège Johannes Dale-Skjevdal
71%
15ème Norvège Isak Frey
55%
12ème Norvège Martin Uldal
53%
Aucun quiz correspondant
Distribution des résultats
% des personnes avec chaque résultat
Percentile par nombre de réponses
Votre historique - résultats
Vous n’avez pas pris ce quiz